Implicaciones políticas, económicas y sociales de la construcción de la Verja Perimetral Inteligencia en la Región Fronteriza Norte de República Dominicana : (Registro nro. 8302)
[ vista simple ]
| 000 -CABECERA | |
|---|---|
| campo de control de longitud fija | 01927nam a22002657a 4500 |
| 003 - IDENTIFICADOR DEL NÚMERO DE CONTROL | |
| campo de control | DO-SdBJH |
| 005 - FECHA Y HORA DE LA ÚLTIMA TRANSACCIÓN | |
| campo de control | 20250624194523.0 |
| 008 - DATOS DE LONGITUD FIJA--INFORMACIÓN GENERAL | |
| campo de control de longitud fija | 250624b2024 dr d|||| |||| 00| 0 spa d |
| 040 ## - FUENTE DE LA CATALOGACIÓN | |
| Centro catalogador/agencia de origen | DO-SdBJH |
| Lengua de catalogación | spa |
| Centro/agencia transcriptor | DO-SdBJH |
| 041 0# - CÓDIGO DE LENGUA | |
| Código de lengua del texto/banda sonora o título independiente | spa |
| 090 ## - LOCALMENTE ASIGNADO TIPO-LC NÚMERO DE CLASIFICACIÓN (OCLC); NÚMERO DE CLASIFICACIÓN LOCAL (RLIN) | |
| Número de clasificación (OCLC) (R) ; Numero de clasificación, CALL (RLIN) (NR) | TG EGAEE |
| Número cutter local (OCLC) ; Número de libro/Signatura topográfica íntegra, CALL (RLIN) | 02409 2024 |
| 100 1# - ENTRADA PRINCIPAL--NOMBRE DE PERSONA | |
| Nombre de persona | Rodríguez Duval, José Raúl |
| Término indicativo de función/relación | sustentante |
| 245 10 - MENCIÓN DE TÍTULO | |
| Título | Implicaciones políticas, económicas y sociales de la construcción de la Verja Perimetral Inteligencia en la Región Fronteriza Norte de República Dominicana : |
| Resto del título | período 2020-2023 / |
| Mención de responsabilidad, etc. | José Raúl Rodríguez Duval, Omar Gitte Mejía ; asesor metodológico Marcos Mateo Capellán ; asesor de contenido Adriano Silverio Rodríguez. |
| 260 ## - PUBLICACIÓN, DISTRIBUCIÓN, ETC. | |
| Lugar de publicación, distribución, etc. | Santo Domingo, República Dominicana : |
| Nombre del editor, distribuidor, etc. | UNADE, |
| Fecha de publicación, distribución, etc. | 2024. |
| 300 ## - DESCRIPCIÓN FÍSICA | |
| Extensión | xv, 118 páginas : |
| Otras características físicas | gráficas. |
| 500 ## - NOTA GENERAL | |
| Nota general | Incluye apéndice y glosario. |
| 502 ## - NOTA DE TESIS | |
| Nota de tesis | Tesis y trabajo de grado (Maestría en Seguridad y Defensa Nacional) -- Universidad Nacional para la Defensa "General Juan Pablo Duarte y Díez", 2024. |
| 504 ## - NOTA DE BIBLIOGRAFÍA, ETC. | |
| Nota de bibliografía, etc. | Incluye referencias bibliográficas y anexos. |
| 505 ## - NOTA DE CONTENIDO CON FORMATO | |
| Nota de contenido con formato | Historia, evolución y generalidades de la zona de construcción de la verja perimetral inteligente en la zona fronteriza de República Dominicana -- Bases jurídicas y doctrinales relacionadas con la construcción de la verja perimetral inteligente fronteriza entre República Dominicana y Haití -- Impacto de la construcción de la verja perimetral inteligente en las relaciones políticas, económicas y sociales en la región fronteriza norte de la República Dominicana. |
| 700 1# - PUNTO DE ACCESO ADICIONAL--NOMBRE DE PERSONA | |
| Nombre de persona | Gitte Mejía, Omar |
| Término indicativo de función/relación | sustentante |
| 700 1# - PUNTO DE ACCESO ADICIONAL--NOMBRE DE PERSONA | |
| Nombre de persona | Mateo Capellán, Marcos |
| Término indicativo de función/relación | asesor metodológico |
| 700 1# - PUNTO DE ACCESO ADICIONAL--NOMBRE DE PERSONA | |
| Nombre de persona | Silverio Rodríguez, Adriano |
| Término indicativo de función/relación | asesor de contenido |
| 830 ## - PUNTO DE ACCESO ADICIONAL DE SERIE-TÍTULO UNIFORME | |
| Título uniforme | Tesis y disertaciones académicas (Universidad Nacional para la Defensa "General Juan Pablo Duarte y Díez). Escuela de Graduados de Altos Estudios Estratégicos. |
| 9 (RLIN) | 20 |
| 942 ## - ELEMENTOS DE PUNTO DE ACCESO ADICIONAL (KOHA) | |
| Fuente del sistema de clasificación o colocación | Clasificación Local |
| Tipo de ítem Koha | Tesis |
| Estado de retiro | Estado de pérdida | Fuente del sistema de clasificación o colocación | Estado dañado | No para préstamo | Código de colección | Localización permanente | Ubicación/localización actual | Ubicación en estantería | Fecha de adquisición | Número de inventario | Total de préstamos | Signatura topográfica completa | Código de barras | Fecha visto por última vez | Número de copia | Precio válido a partir de | Tipo de ítem Koha |
|---|---|---|---|---|---|---|---|---|---|---|---|---|---|---|---|---|---|
| Clasificación Local | Trabajos de Grado e Investigción | SIBM UNADE - Biblioteca Sede Central | SIBM UNADE - Biblioteca Sede Central | En estantería | 06/24/2025 | 24-02409 | TG EGAEE 02409 2024 | 24-02409 | 06/24/2025 | 1 | 06/24/2025 | Tesis |
